000 00881cab a2200277 4500
001 WB3208-09
008 090401t1996 xxu||||| |||| 00| 0 eng d
035 _a(Sirsi) u34348
041 _aeng
245 _aGood year ahead for retail values
260 _c1996
350 _a0
490 _aRICS Press Release
_vPR24/96COMM 21 February 1996, (2)
520 _aThe RICS forecasts a rise of 6% in commercial property values over the year after retail sales figures rose by 2.3%.
650 _aCAPITAL VALUES
650 _aCOMMERCIAL PROPERTY PRICES
650 _aFORECASTS
650 _aLBS/RICS COMMERCIAL PROPERTY MODEL
650 _aLONDON BUSINESS SCHOOL
650 _aRETAIL PROPERTY
650 _aRETAIL SALES
650 _aRICS/LBS COMMERCIAL PROPERTY MODEL
690 _aPROPERTY-COMMERCIAL PROPERTY-RETAIL PROPERTY
942 _n0
948 _c04/03/1997
999 _c22765
_d22765